000 00575nam a2200169 4500
001 113234
003 ES-MaACL
007 t|
008 061121s1963 mx r ||||1| spa d
100 1 _aNurkse, Ragnar.
_986240
245 1 0 _aProblemas de formación de capital en los países insuficientemente desarrollados /
_cpor Ragnar Nurkse ; [traducción de Martha Chávez].
250 _a[3ª ed.].
260 _aMéxico [etc.] :
_bFondo de Cultura Económica,
_c1963.
300 _a172 p. ;
_c22 cm.
700 1 _aChávez, Martha.
_938283
852 _aES-MaACL
_jE-8304
_bR.92856
999 _c113234
_d113234